| 000 | 00821nam a2200241 cc4500 | ||
|---|---|---|---|
| 001 | 000030541 | ||
| 003 | RuMoIPM | ||
| 005 | 20260513110356.0 | ||
| 008 | 230210s1953 ru ||||||| |||| ||rus d | ||
| 035 | _a(RuMoBEN) 002094570 | ||
| 035 | _a(ELAR retro) [2022] 000076257 | ||
| 035 | _a(ELAR retro) [2022] 000126898 | ||
| 040 |
_aRuMoBEN _brus _ercr |
||
| 041 | 0 | _arus | |
| 044 | _aru | ||
| 080 | _a510(075.8) | ||
| 245 | 1 | 0 |
_aТ. 4 _cВ. И. Смирнов |
| 250 | _a3-е изд. | ||
| 260 |
_aМосква _bМинкульт СССР - Главиздат _bГостехиздат _c1953 |
||
| 300 |
_a804 с. _bчерт. |
||
| 773 |
_aСмирнов, Владимир Иванович _tКурс высшей математики: [Учебная литература для вузов] _w000018741 |
||
| 942 | _cBK | ||
| 999 |
_c30541 _d30541 |
||